=LDR 00000nam 2200000 4500 =001 INLIS000000000012154 =005 20130612103708 =008 ***********************************Ind** =035 ##$$0010-061300000012154 =041 ##$$a Ind =082 ##$$a 581.6598 =090 ##$$a 581.6598, Ver p =100 ##$$a Versteegh, J. Kloppenburg =245 ##$$a Petunjuk lengkap mengusai Tanam-tanaman diIndonesia dan khasiatnya sebagai obat-obatan tradisional J. Kloppnburg Versteegh : diterjemahkan oleh, CD. R.S Bethesda =260 ##$$a 1988 $b Yogyakarta =300 ##$$a ...Jil. 21 cm =650 ##$$a Tanaman =650 ##$$a Indonesia =710 ##$$a CD. R.S. Bethesda =850 ##$$a NBPNMAT